Score 0/16 Timer 04:00
0 Plays Today
Town Daytime Soap % Correct
Pine ValleyAll My Children
88.9%
Port CharlesGeneral Hospital
87.9%
LlanviewOne Life To Live
87.4%
Genoa CityThe Young and the Restless
86.9%
SalemDays of our Lives
82.3%
OakdaleAs the World Turns
75.1%
Los AngelesThe Bold and the Beautiful
72.2%
Santa BarbaraSanta Barbara
72%
Town Daytime Soap % Correct
SpringfieldGuiding Light
71.5%
Bay CityAnother World
65.3%
HarmonyPassions
63.8%
New York CityRyan's Hope
54.5%
CorinthLoving
42.7%
MonticelloEdge of Night
34.2%
HendersonSearch For Tomorrow
33.4%
WoodbridgeThe Secret Storm
18.8%
Remove Ads.
Support Sporcle.
Get the best of Sporcle when you Go Orange. This ad-free experience offers more features, more stats, and more fun while also helping to support Sporcle. Thank you for becoming a member.

You're not logged in!

Compare scores with friends on all Sporcle quizzes.
OR
Log In

Show Comments

Extras

Top Quizzes Today


Score Distribution

Your Account Isn't Verified!

In order to create a playlist on Sporcle, you need to verify the email address you used during registration. Go to your Sporcle Settings to finish the process.

Report this User

Report this user for behavior that violates our Community Guidelines.

Details: